Viaggio dell'eroe (Il). Cinema e riti di passaggio (Record n. 77386)
[ formato base ]
| 000 -LEADER | |
|---|---|
| fixed length control field | 01828nam a2200313Ia 4500 |
| 001 - CONTROL NUMBER | |
| control field | K0549 |
| 003 - CONTROL NUMBER IDENTIFIER | |
| control field | IT-RoPAU |
| 008 - FIXED-LENGTH DATA ELEMENTS--GENERAL INFORMATION | |
| fixed length control field | 130308s9999 xx 000 0 und d |
| 040 ## - CATALOGING SOURCE | |
| Original cataloging agency | IT-RoPAU |
| 040 ## - CATALOGING SOURCE | |
| Transcribing agency | IT-RoPAU |
| 041 ## - LANGUAGE CODE | |
| Language code of text/sound track or separate title | ITALIANO |
| 100 ## - MAIN ENTRY--PERSONAL NAME | |
| Personal name | Fassina Alberto |
| 100 ## - MAIN ENTRY--PERSONAL NAME | |
| Miscellaneous information | Codice Aut. SPICS: 60216 |
| 245 ## - TITLE STATEMENT | |
| Title | Viaggio dell'eroe (Il). Cinema e riti di passaggio |
| 245 ## - TITLE STATEMENT | |
| Remainder of title | Viaggio dell'Eroe (Il). Cinema e riti di passaggio |
| 250 ## - EDITION STATEMENT | |
| Edition statement | 1a ed. |
| 260 ## - PUBLICATION, DISTRIBUTION, ETC. (IMPRINT) | |
| Place of publication, distribution, etc. | ALESSANDRIA |
| 260 ## - PUBLICATION, DISTRIBUTION, ETC. (IMPRINT) | |
| Name of publisher, distributor, etc. | Falsopiano |
| 260 ## - PUBLICATION, DISTRIBUTION, ETC. (IMPRINT) | |
| Date of publication, distribution, etc. | 2006 [1° Ed.:2006 - Ed.Ling.Originale:2006] |
| 300 ## - PHYSICAL DESCRIPTION | |
| Extent | "224 p. (prefazione: no ; testo: 224 [pagine: 0-0])" |
| 500 ## - GENERAL NOTE | |
| General note | "Introduzione di S. todini. Partenza: nulla Tangibile rituali di Formazione e Simbologie nella sceneggiatura di G. Robbiano; Demone sotto pelle di R. Giancristofaro. in Viaggio luoghi topici dei riti di Passaggio: Cinq Debus Dans la vie di M. Gandolfi; Welcome to The Doll House? di A. Fassina; Se Caronte è un Gigantesco Coniglio bianco di E. Leoni; che titolo gli Diamo? di R. Ferrucci. Oltre Cinema Altre Narrazioni di Passaggio: Sulla soglia Sospensione delle Fole di M. Zignol; supereroi si Diventa di A. Lise; domani Alla Stessa Ora Appuntamento Coi riti di passaggio di S. Mignoli. Schede: Anni settanta interiori di U. Casadei; Fandango un ultimo Ballo Prima di Dormire di M. Nuzzolo; fuoco Fatuo di M. Bellotto; Nuvole in Viaggio di G. Mozzi; Piccoli Maestri Albero delle per di A. Fassina. Riferimenti Bibliografici. Tracce Filmografiche. " |
| 650 ## - SUBJECT ADDED ENTRY--TOPICAL TERM | |
| Topical term or geographic name as entry element | SAGGI SUL CINEMA |
| 650 ## - SUBJECT ADDED ENTRY--TOPICAL TERM | |
| Relator term | Codice materia Spics: 6811 |
| 700 ## - ADDED ENTRY--PERSONAL NAME | |
| Personal name | AA.VV. |
| 700 ## - ADDED ENTRY--PERSONAL NAME | |
| Miscellaneous information | Codice Aut. SPICS: 12000 |
| 942 ## - ADDED ENTRY ELEMENTS (KOHA) | |
| Koha item type | LIBRO |
| 957 ## - | |
| -- | 1 |
| 999 ## - SYSTEM CONTROL NUMBERS (KOHA) | |
| -- | 1 |
| Withdrawn status | Lost status | Damaged status | Not for loan | Home library | Current library | Date acquired | Total Checkouts | Full call number | Date last seen | Price effective from | Koha item type | Public note |
|---|---|---|---|---|---|---|---|---|---|---|---|---|
| Buone Condizioni | Not For Loan | SPICS-MEDIATECA | SPICS-MEDIATECA | 08/03/2013 | K0549 | 08/03/2013 | 08/03/2013 | LIBRO | Progressivo inserimento: 41718 / N. Volumi: 1 Copie: 1 / data import: 1 marzo 2013 - By Epidotti, Trombetti, Vaglietti. |